| 000 | 00523nam a2200181Ia 4500 | ||
|---|---|---|---|
| 003 | GCL | ||
| 008 | 140319s9999 xx 000 0 ara d | ||
| 040 |
_aGCL / _cGCL |
||
| 082 | 0 | 4 |
_a796.4 _bب ف |
| 100 | 1 | _aبهاء الدين سلامة | |
| 245 | 1 | 0 |
_aفسيولوجيا الرياضة / _cبهاء الدين سلامة |
| 300 | _a434 ص | ||
| 490 | _a | ||
| 650 | 0 | 4 | _aالرياضة البدنية |
| 650 | 0 | 4 | _aالتربية البدنية |
| 650 | 0 | 4 | _aالجوانب الفسيولوجية |
| 942 |
_2ddc _cBK |
||
| 999 |
_c41665 _d41665 |
||